Proyecto de exportación de aguacate a los Estados Unidos de Norteamérica /

সংরক্ষণ করুন:
গ্রন্থ-পঞ্জীর বিবরন
প্রধান লেখক: Ascencio Chávez, Daniel (autor)
অন্যান্য লেখক: Muñoz Chávez, Alicia (autor) (autor)
বিন্যাস: গ্রন্থ
ভাষা:স্প্যানিশ
বিষয়গুলি:
ট্যাগগুলো: ট্যাগ যুক্ত করুন
কোনো ট্যাগ নেই, প্রথমজন হিসাবে ট্যাগ করুন!

MARC

LEADER 00000nam^a2200000^a^4500
001 000190140
005 20250521000000.0
009 20260310102439.898
037 |a Acervo ITESO - Biblioteca 
041 |a ESP 
090 |a CIN. 328 
100 |a Ascencio Chávez, Daniel  |e (autor) 
245 1 0 |a Proyecto de exportación de aguacate a los Estados Unidos de Norteamérica /  |c D. Ascencio Chávez, A. Muñoz Chávez. 
264 |a Guadalajara, México :  |b edición de autor,  |c 2006 
300 |a 1 disco compacto de computadora 
336 |a datos para computadora  |b cod  |2 rdacontenido 
337 |a computadora  |b c  |2 rdamedio 
338 |a disco de computadora  |b cd  |2 rdasoporte 
593 |a Tesis de Lic. en Comercio Internacional 
649 |a XX 
650 |a Aguacate -  |z México -  |x Aspectos Económicos -  |x Tema Principal 
650 |a Frutas -  |z México -  |x Aspectos Económicos 
650 |a Industria Agropecuaria -  |z México 
650 |a Industria Alimenticia -  |z México 
650 |a Exportaciones -  |z México 
650 |a Importaciones -  |z EUA 
650 |a Oferta y Demanda 
650 |a Investigación de Mercado 
650 |a Promoción del Producto 
650 |a Estrategia Mercadotécnica 
650 |a Mercadotecnia de Exportación 
650 |a Comercio Exterior -  |z México 
650 |a Comercio Internacional -  |z México-EUA 
650 |a Ciencias Administrativas 
650 |a Economía 
700 |a Muñoz Chávez, Alicia  |e (autor) 
910 |a Fondo General 
920 |a Electrónicos - Tesis del ITESO en Disco 
905 |a 202 
901 |a 0500158373  |b IT2  |c STS  |u 20250521 
902 |a https://opac.biblio.iteso.mx/vufind/Record/000190140